Hajarata Musā. (Record no. 72740)

MARC details
000 -LEADER
fixed length control field 00535cam a22002171 4500
001 - CONTROL NUMBER
control field sa 67001587
003 - CONTROL NUMBER IDENTIFIER
control field DLC
005 - DATE AND TIME OF LATEST TRANSACTION
control field 20260227112324.0
008 - FIXED-LENGTH DATA ELEMENTS--GENERAL INFORMATION
fixed length control field 941024s1966 ii 000 0 beno
010 ## - LIBRARY OF CONGRESS CONTROL NUMBER
LC control number sa 67001587
025 ## - OVERSEAS ACQUISITION NUMBER
Overseas acquisition number PL480:EP-B-1119
035 ## - SYSTEM CONTROL NUMBER
System control number (OCoLC)31349446
040 ## - CATALOGING SOURCE
Original cataloging agency DLC
Transcribing agency CU
Modifying agency CU
-- DLC
050 00 - LIBRARY OF CONGRESS CALL NUMBER
Classification number BS580.M6
Item number R26
100 1# - MAIN ENTRY--PERSONAL NAME
Personal name Rahman, Kazi Mohhammad Golam.
245 10 - TITLE STATEMENT
Title Hajarata Musā.
260 ## - PUBLICATION, DISTRIBUTION, ETC.
Date of publication, distribution, etc. [1966]
300 ## - PHYSICAL DESCRIPTION
Extent 138 p.
Dimensions 23 cm.
500 ## - GENERAL NOTE
General note In Bengali.
600 00 - SUBJECT ADDED ENTRY--PERSONAL NAME
Personal name Moses
Titles and other words associated with a name (Biblical leader)

No items available.

Powered by Koha